Fauna of Ranthambhore National Park Rajasthan / (Record no. 39100)

MARC details
000 -LEADER
fixed length control field 00810nam a22002297a 4500
005 - DATE AND TIME OF LATEST TRANSACTION
control field 2010080306446.0
010 ## - LCCN (DPL NO)
LC control number ENG-97931
020 ## - INTERNATIONAL STANDARD BOOK NUMBER
International Standard Book Number 978818181712462
Terms of availability 600.00
035 ## - SYSTEM CONTROL NUMBER
System control number EN-81464
037 ## - SOURCE OF ACQUISITION
Source of stock number/acquisition DBAD/PUB
082 ## - DEWEY DECIMAL CLASSIFICATION NUMBER
Classification number 591
245 ## - TITLE STATEMENT
Title Fauna of Ranthambhore National Park Rajasthan /
Statement of responsibility, etc edited by the directore, Zoological Survey of India
260 ## - PUBLICATION, DISTRIBUTION, ETC. (IMPRINT)
Place of publication, distribution, etc Kolkata
Name of publisher, distributor, etc Zoological Survey of India
Date of publication, distribution, etc 2010
270 ## - ADDRESS
Address 234/4 A. J. C. Bose Road, 2nd MSO Building, Nizam Palace
City Kolkata
Postal code 700020
300 ## - PHYSICAL DESCRIPTION
Extent 229 p.
Dimensions 25cm (Pbk)
490 ## - SERIES STATEMENT
Series statement Conservation Area Series, 43
-- 5715
650 ## - SUBJECT ADDED ENTRY--TOPICAL TERM
Topical term or geographic name as entry element Zoology
Geographic subdivision India
700 ## - ADDED ENTRY--PERSONAL NAME
9 (RLIN) 4162
700 ## - ADDED ENTRY--PERSONAL NAME
9 (RLIN) 5587
942 ## - ADDED ENTRY ELEMENTS (KOHA)
Source of classification or shelving scheme Dewey Decimal Classification
Item type English Books
Classification part 591
Call number suffix FAU
Holdings
Withdrawn status Lost status Not for loan Collection code Home library Current library Date acquired Cost, normal purchase price Full call number Barcode Copy number Cost, replacement price Koha item type
    Not For Loan Non-fiction D.B.Act.Division D.B.Act.Division 04/08/2010 600.00 591 FAU EN-81464 1 600.00 English Books

© Delhi Public Library
Hit Counter
free hit counter